ბათუმის შოთა რუსთაველის სახელმწიფო უნივერსიტეტის ბიბლიოთეკა

Классические группы их инварианты и представления (ბიბ.ჩანაწერი № 48147)

000 -LEADER
fixed length control field 00645nam a2200205Ia 4500
001 - CONTROL NUMBER
control field 15029
003 - CONTROL NUMBER IDENTIFIER
control field GE_BSU
008 - FIXED-LENGTH DATA ELEMENTS--GENERAL INFORMATION
fixed length control field 181216s||||||||xx |||||||||||||| ||und||
040 ## - CATALOGING SOURCE
Transcribing agency GE_BSU
080 ## - UNIVERSAL DECIMAL CLASSIFICATION NUMBER
Universal Decimal Classification number 512.54
100 ## - MAIN ENTRY--PERSONAL NAME
Personal name Вейль,Герман
245 ## - TITLE STATEMENT
Title Классические группы их инварианты и представления
245 ## - TITLE STATEMENT
Statement of responsibility, etc. Пер. с англ. Д.А.Райкова
260 ## - PUBLICATION, DISTRIBUTION, ETC.
Place of publication, distribution, etc. Москва
260 ## - PUBLICATION, DISTRIBUTION, ETC.
Name of publisher, distributor, etc. Госиздат
260 ## - PUBLICATION, DISTRIBUTION, ETC.
Date of publication, distribution, etc. 1947
300 ## - PHYSICAL DESCRIPTION
Extent 408стр.22см.
653 ## - INDEX TERM--UNCONTROLLED
Uncontrolled term Классические группы их инварианты и представления
942 ## - ADDED ENTRY ELEMENTS (KOHA)
Koha item type წიგნი
ეგზემპლარები
Withdrawn status Lost status Damaged status Not for loan Date acquired Barcode Date last seen Price effective from Koha item type
        2018-12-17 17018 2018-12-17 2018-12-17 წიგნი
        2018-12-17 17708 2018-12-17 2018-12-17 წიგნი